LEADER 00822nam a2200241 i 4500 001 991002897229707536 005 20021022143828.0 008 960610s1977 it ||| | ita 035 $ab11724997-39ule_inst 035 $aLE021FD222442$9ExL 040 $aDip. SSSC$bita 082 0 $a791.43 100 1 $aCremonini, Giorgio$03927 245 10$aChaplin :$bCharlie Chaplin /$cGiorgio Cremonini 260 $aFirenze :$bLa Nuova Italia,$c1977 300 $a153 p. ;$c17 cm. 600 14$aChaplin, Charles Spencer 907 $a.b11724997$b21-09-06$c24-10-02 912 $a991002897229707536 945 $aLE021FD C28B72$g1$iLE021FD-1803$lle023$nFondo D'Amico$o-$pE0.00$q-$rn$so $t0$u0$v0$w0$x0$y.i11965034$z24-10-02 996 $aChaplin$9904359 997 $aUNISALENTO 998 $ale021$b10-06-96$cm$da $e-$fita$git $h0$i1 LEADER 01503oam 2200409Ia 450 001 9910693835203321 005 20071015141051.0 035 $a(CKB)4100000011536340 035 $a(OCoLC)44212689 035 $a(EXLCZ)994100000011536340 100 $a19990129d1988 ua 0 101 0 $aeng 135 $aurmnu|||||||| 181 $ctxt$2rdacontent 182 $cc$2rdamedia 183 $acr$2rdacarrier 200 00$aParaguay$b[electronic resource] $ea country study /$fFederal Research Division, Library of Congress ; edited by Dannin [sic] M. Hanratty and Sandra W. Meditz 210 1$aWashington, D.C. :$cFederal Research Division,$d[1988] 300 $aTitle from title screen (viewed Mar. 22, 2002). 300 $a"Research completed December 1988." 300 $a"This volume is one in a continuing series of books prepared by the Federal Research Division of the Library of Congress under the Country Studies/Area Handbook Program sponsored by the Department of the Army"--Foreward [sic]. 320 $aIncludes bibliographical references. 517 $aParaguay 607 $aParaguay 676 $a910 701 $aHanratty$b Dennis Michael$f1950-$01386276 701 $aMeditz$b Sandra W.$f1950-$01351773 712 02$aLibrary of Congress.$bFederal Research Division. 801 0$bN@F 801 1$bN@F 801 2$bOCLCQ 801 2$bBOS 801 2$bGPO 906 $aBOOK 912 $a9910693835203321 996 $aParaguay$93442709 997 $aUNINA LEADER 03085nam 2200685 450 001 9910815219703321 005 20230126210438.0 010 $a0-85785-212-4 010 $a0-85785-211-6 035 $a(CKB)2670000000399694 035 $a(EBL)1222420 035 $a(OCoLC)854520290 035 $a(SSID)ssj0000832061 035 $a(PQKBManifestationID)12339705 035 $a(PQKBTitleCode)TC0000832061 035 $a(PQKBWorkID)10881740 035 $a(PQKB)10386338 035 $a(MiAaPQ)EBC1222420 035 $a(MiAaPQ)EBC6033989 035 $a(MiAaPQ)EBC6161900 035 $a(Au-PeEL)EBL6033989 035 $a(OCoLC)1139934013 035 $a(EXLCZ)992670000000399694 100 $a20210916d2012 uy 0 101 0 $aeng 135 $aur|n|---||||| 181 $ctxt 182 $cc 183 $acr 200 10$aMuseums $ea visual anthropology /$fMary Bouquet 205 $aEnglish ed. 210 1$aLondon, England ;$aNew York, New York :$cBerg,$d[2012] 215 $a1 online resource (257 p.) 225 1 $aKey Texts in the Anthropology of Visual and Material Culture 225 0$aKey texts in the anthropology of visual and material culture 300 $aDescription based upon print version of record. 311 $a1-84520-811-0 320 $aIncludes bibliographical references (pages [209]-222) and index. 327 $aMuseums; CONTENTS; List of Illustrations; Acknowledgements; Introduction; 1 Museums in the Twenty-first Century; 2 Stretching the National Museum; 3 A History of Ethnographic Museums; 4 The Ethnography of Museums; 5 Practices of Object Display; 6 Object and Image Repatriation; Afterword: Teylers Revisited; Notes; Bibliography; Index 330 $aMuseums: A Visual Anthropology provides a clear and concise summary of the key ideas, debates and texts of the most important approaches to the study of museums from around the world. The book examines ways to address the social relations of museums, embedded in their sites, collections, and exhibitions, as an integral part of the visual and material culture they comprise. Cross-disciplinary in scope, Museums uses ideas and approaches both from within and outside of anthropology to further students' knowledge of and interest in museums. Including selected, globally based case studies to highli 410 0$aKey Texts in the Anthropology of Visual and Material Culture 606 $aMuseums$xSocial aspects 606 $aMuseums$xPhilosophy 606 $aMaterial culture 606 $aEthnological museums and collections 606 $aAnthropological museums and collections 615 0$aMuseums$xSocial aspects. 615 0$aMuseums$xPhilosophy. 615 0$aMaterial culture. 615 0$aEthnological museums and collections. 615 0$aAnthropological museums and collections. 676 $a301.074 700 $aBouquet$b Mary$f1955-$01200872 801 0$bMiAaPQ 801 1$bMiAaPQ 801 2$bMiAaPQ 906 $aBOOK 912 $a9910815219703321 996 $aMuseums$93933363 997 $aUNINA